The history of Saint Paul's cathedral, in London, from its foundation (Record no. 114070)

MARC details
000 -LEADER
fixed length control field 00934cam a22002055a 4500
001 - CONTROL NUMBER
control field L156166
008 - FIXED-LENGTH DATA ELEMENTS--GENERAL INFORMATION
fixed length control field 120502s1818 xxk f 000 0 eng d
035 ## - SYSTEM CONTROL NUMBER
System control number (Sirsi) u156166
041 0# - LANGUAGE CODE
Language code of text/sound track or separate title eng
100 1# - MAIN ENTRY--PERSONAL NAME
Personal name Dugdale, William
Titles and words associated with a name Sir
Dates associated with a name 1605-1686
245 04 - TITLE STATEMENT
Title The history of Saint Paul's cathedral, in London, from its foundation
Remainder of title extracted out of original charters, records, leiger-books, and other manuscripts
250 ## - EDITION STATEMENT
Edition statement [Another edition.]
Remainder of edition statement With a continuation and additions, including the republication of the author's life, from his own manuscript; by H. Ellis.
260 ## - PUBLICATION, DISTRIBUTION, ETC.
Place of publication, distribution, etc. London
Name of publisher, distributor, etc. Lackington ; Hughes, Harding, Mavor, and Jones : Longman, Hurst, Rees, Orme and Brown
Date of publication, distribution, etc. 1818
300 ## - PHYSICAL DESCRIPTION
Extent xxxi, 500 p.
Other physical details illus., LXIX pl. (incl. front.: port.)
Dimensions 39 cm.
583 0# - ACTION NOTE
Action Condition reviewed
Time/date of action 20120620
Status condition level 1
651 #4 - SUBJECT ADDED ENTRY--GEOGRAPHIC NAME
Geographic name London
690 ## - LOCAL SUBJECT ADDED ENTRY--TOPICAL TERM (OCLC, RLIN)
Topical term or geographic name as entry element Art and antiques
700 1# - ADDED ENTRY--PERSONAL NAME
Personal name Ellis, Henry
Titles and other words associated with a name Sir
Dates associated with a name 1777-1869
942 ## - ADDED ENTRY ELEMENTS (KOHA)
Suppress in OPAC 0
Holdings
Withdrawn status Lost status Source of classification or shelving scheme Damaged status Not for loan Home library Current library Shelving location Date acquired Total Checkouts Full call number Barcode Date last seen Copy number Price effective from Koha item type
    Dewey Decimal Classification     Historic collection Historic collection Historic collection 02/05/2012   FOLIO 1818 DUGDALE 30075931 06/08/2019 1 06/08/2019 Book